000 00652nam a2200181Ia 4500
008 090124s9999 xx 000 0 und d
082 _b4125
100 _aवरेरकर भार्गवराव वरेरकर
245 _a सारस्वत
250 _a0
260 _b"नवभारत प्रकाशन संस्था ,मुंबइ4"
_c1942
300 _a90
600 _aवरेरकर भार्गवराव वरेरकर
630 _a सारस्वत
700 _aवरेरकर भार्गवराव वरेरकर
730 _a सारस्वत
942 _cBOOK
999 _c85100
_d85100